Score 0/7 Timer 01:00
1 Play Today
Country % Correct
Germany
98.3%
Russia (Kaliningrad Oblast)
89.7%
Czechia
84%
Lithuania
80.2%
Ukraine
79.3%
Slovakia
78%
Belarus
75.9%
Remove Ads.
Support Sporcle.
Get the best of Sporcle when you Go Orange. This ad-free experience offers more features, more stats, and more fun while also helping to support Sporcle. Thank you for becoming a member.

You're not logged in!

Compare scores with friends on all Sporcle quizzes.
OR
Log In

Show Comments

Extras

Top Quizzes Today


Score Distribution

Your Account Isn't Verified!

In order to create a playlist on Sporcle, you need to verify the email address you used during registration. Go to your Sporcle Settings to finish the process.

Report this User

Report this user for behavior that violates our Community Guidelines.

Details: